000 01677cam a2200277 a 4500
001 617584
005 20210414113922.0
008 921211s1993 caua b 101 0 eng
010 _a 92046168
020 _a1558152474 (paper) :
_c$14.95
040 _aDLC
_cDLC
_dDLC
043 _acl-----
050 0 0 _aHD4010.5.L38
_b
082 0 0 _a338.98
_220
245 0 0 _aLatin America's turnaround :privatization, foreign investment, and growth /
_cedited by Paul H. Boeker.
260 _aSan Francisco, Calif. :
_bInternational Center for Economic Growth :
_bInstitute of the Americas :
_bICS Press,
_cc1993.
300 _axvii, 190 p. :
_bill.
_c23 cm.
504 _aIncludes bibliographical references and index.
505 _aContents: Latin America's economic opening and the rediscovery of foreign investment -- The Accelerating pace of privatization in Latin America -- Privatization as a remedy for state-owned enterprises -- Privatization requirements of foreign investors -- Foreign direct investment in Latin America's privatization -- Financial incentives for investment in Chile's privatization -- Privatization as an objective: Telecommunications and regulatory reform -- Private participation in the electric power sector -- Oil and natural gas privatization -- Privatization of tourism and air transportation.
650 0 _aPrivatization
_zLatin America
_xCongresses.
650 0 _aInvestments, Foreign
_zLatin America
_xCongresses.
700 1 _aBoeker, Paul H.
906 _a7
_bcbc
_corignew
_d1
_eocip
_f19
_gy-gencatlg
942 _2lcc
_cBK
999 _c663
_d8163